000 00683nam a2200277 a 4500
001 39030
003 AR-BaAGN
005 20231116150321.0
007 ta
008 220625s2009 ag |||||r|||| ||||||spa d
020 _a978-987-02-3835-5
040 _dAR-BaAGN
_aAR-BaAGN
_bspa
_eaacr
100 1 _aBlaquier, Carlos Pedro
245 1 0 _aFamilia Blaquier
250 _a1ª ed.
260 _aBuenos Aires :
_bDunken,
_c2009.
300 _a128 páginas
336 _2rdacontent
_btxt
337 _2rdamedia
_bn
338 _2rdacarrier
_bnc
600 1 4 _aBlaquier (familia)
650 4 _aBIOGRAFÍA
_91475
650 4 _aGENEALOGÍA
_91370
942 _cLIBRO
999 _c39030
_d39030